000
00294nam a22001337a 4500
008
170221b xxu||||| |||| 00| 0 eng d
020
_a
9780071756099
041
_a
eng
080
_2
6TH
_a
615
100
_a
5
101
_a
SHF
245
_a
NURSE'S DRUG HANDBOOK
_c
SCHULL, P.D
942
_2
udc
_c
BK
999
_c
5928
_d
5928